00878nam a2200265 a 4500001001300000003000900013005001700022008004100039020001800080040002800098041000800126043001200134082002400146100002500170245011600195260006300311300002100374490001500395534004800410650002200458650002000480650003800500700004100538700003300579C01470894c-6CO-ViMGA20230915232210.0121010s2014 ck gr 00010 spa d a9789588820835 aCO-ViMGAbspacCO-ViMGA1 heng ae-uk-en04a823.91 bJ15c8 2191 aJames, E. L, d1963-10aCincuenta sombras de Grey / cE. L. James ; traducción de Pilar de la Peña Minguell y Helena Trías Bello. aBogotá ; aBarcelona : bRandom House Mondadori, c2014. a540 p ; c23 cm.1 aDebolsillo pTítulo original : tFifty shades of Grey.14aNovela erótica.14aNovela inglesa.14aRelaciones hombre-mujerv Novela.1 aPeña Minguell, Pilar, de la, etr.1 aTrías Bello, Helena, etr.